History Quiz

Random History or Country Quiz

Clickable Communist Countries Quiz Stats

 Plays Quiz Updated Jul 14, 2016

Challenge
Share
Tweet
Embed
Score 0/24 Timer 04:00
6 Plays Today
% Correct
China
97.2%
Cuba
95.7%
North Korea
94.8%
East Germany
94%
Czechoslovakia
91.4%
Union of Soviet Socialist Republics
91.4%
Vietnam
89.3%
Yugoslavia
87.8%
Romania
86.4%
Bulgaria
84.3%
Hungary
83.9%
Albania
83.6%
% Correct
Poland
82.9%
Laos
79.7%
Kampuchea (Cambodia)
78.3%
Mongolia
66.7%
Afghanistan
63.6%
Angola
55.2%
South Yemen
43.2%
Ethiopia
39.9%
Republic of the Congo
39.2%
Mozambique
38.6%
Somalia
36.1%
Benin
28.7%

You're not logged in!

Compare scores with friends on all Sporcle quizzes.
Join for Free
OR
Log In

You Might Also Like...

Show Comments

Extras

Top Quizzes Today


Score Distribution

Your Account Isn't Verified!

In order to create a playlist on Sporcle, you need to verify the email address you used during registration. Go to your Sporcle Settings to finish the process.

Report this User

Report this user for behavior that violates our Community Guidelines.

Details: